[Event "Veletrzni turnaj 2020"]
[Site "Brno"]
[Date "2020.08.30"]
[Round "9.11"]
[White "Lisik, Miroslav"]
[Black "Dvorakova, Olga"]
[Result "0-1"]
[WhiteElo "1687"]
[BlackElo "1758"]
[PlyCount "108"]
[EventDate "2020.08.23"]

1. e4 c6 2. d4 d5 3. exd5 cxd5 4. Bd3 Nc6 5. c3 Nf6 6. Bf4 Bg4 7. Qb3 Qd7 8.
Nd2 e6 9. Ngf3 Bxf3 10. Nxf3 Bd6 11. Bg3 O-O 12. O-O Rac8 13. Bxd6 Qxd6 14.
Rfe1 a6 15. a4 Na5 16. Qc2 Nc4 17. Ne5 Qc7 18. g3 Nd6 19. Kg2 Rfd8 20. h4 g6
21. Rh1 b5 22. axb5 axb5 23. h5 Nxh5 24. Qd2 Nc4 25. Qg5 f6 26. Qg4 f5 27. Qg5
Qg7 28. g4 Nf6 29. gxf5 exf5 30. Qh6 Qxh6 31. Rxh6 Ra8 32. Rah1 Kg7 33. R6h3
Ra2 34. b3 Nd6 35. Nf3 h5 36. Re1 Nfe4 37. Re2 Rxe2 38. Bxe2 Nxc3 39. Ng5 Nxe2
40. Ne6+ Kf6 41. Nxd8 Nf4+ 42. Kg3 Nxh3 43. Kxh3 Ne4 44. Kg2 g5 45. Nc6 Nd2 46.
Na5 g4 47. b4 h4 48. Nc6 Nb3 49. Kh2 f4 50. Ne5 Kf5 51. Nc6 g3+ 52. fxg3 hxg3+
53. Kg2 Ke4 54. Kf1 Nxd4 0-1